01322nam a2200337Ia 4500001001200000003000800012006001900020007001500039008004100054010001700095020002900112020002600141040002100167035002100188050002300209082001500232100002200247245012700269260004900396300001600445490001500461504005100476533015200527600006000679650003500739650001900774655002900793710001700822856012600839999001900965ebr10594291CaPaEBRm u cr cn|||||||||120815s2012 nyu sb 001 0 eng d z 2012027211 z9780823245000 (hardback) z9780823245017 (paper) aCaPaEBRcCaPaEBR a(OCoLC)81140825314aJA71b.T358 2012eb04a320.012231 aTampio, Nicholas.10aKantian Courageh[electronic resource] :badvancing the enlightenment in contemporary political theory /cNicholas Tampio. aNew York :bFordham University Press,c2012. axii, 255 p.0 aJust ideas aIncludes bibliographical references and index. aElectronic reproduction.bPalo Alto, Calif. :cebrary,d2011.nAvailable via World Wide Web.nAccess may be limited to ebrary affiliated libraries.10aKant, Immanuel,d1724-1804xPolitical and social views. 0aPolitical sciencexPhilosophy. 0aEnlightenment. 7aElectronic books.2local2 aebrary, Inc.40uhttp://site.ebrary.com/lib/rucke/Doc?id=10594291zAn electronic book accessible through the World Wide Web; click to view c111450d111450